[Event "Tourn. n10260"]
[Site "www.echecsemail.com"]
[Date "2019.12.21"]
[Round "1"]
[White "Sorim"]
[Black "Panham"]
[WhiteElo "2300"]
[BlackElo "2150"]
[Result "1-0"]
[Round "1"]
1.d4 d5
2.Ng1f3 e6
3.Bc1g5 Ng8f6
4.e3 Bf8e7
5.c4 Nb8d7
6.Bf1e2 Nf6e4
7.Bg5xe7 Qd8xe7
8.O-O O-O
9.Nb1c3 Nd7f6
10.Ra1c1  { time }
1-0

[Event "Tourn. n10239"]
[Site "www.echecsemail.com"]
[Date "2019.12.21"]
[Round "1"]
[White "Iko"]
[Black "Vasylpuzanov"]
[WhiteElo "1800"]
[BlackElo "1620"]
[Result "1-0"]
[Round "1"]
1.e4 e5
2.Ng1f3 Nb8c6
3.Bf1b5 a6
4.Bb5xc6 dxc6
5.Nf3xe5 Qd8d4
6.Ne5d3 Qd4xe4
7.Qd1e2 Bc8f5
8.Nd3f4 Qe4xe2
9.Nf4xe2 Bf5xc2
10.Ne2d4 Bc2d3
11.Nb1c3 O-O-O
12.h4 Rd8xd4
13.f3 Ng8f6
14.g4 Bf8c5
15.Nc3d1 Rh8e8
16.Nd1e3 Rd4f4
17.g5 Nf6d5
18.a3 Rf4xf3
19.b4 Bc5xe3
20.dxe3 Nd5xe3
21.Bc1d2 Ne3c2
22.Kd1 Nc2xa1
23.Kc1 Na1b3
24.Kb2 Nb3xd2
25.Rh1d1  { time }
1-0

[Event "Tourn. n10214"]
[Site "www.echecsemail.com"]
[Date "2019.12.21"]
[Round "1"]
[White "Rons"]
[Black "Jerome"]
[WhiteElo "2620"]
[BlackElo "2560"]
[Result "1/2-1/2"]
[Round "1"]
1.e4 c5
2.Ng1f3 e6
3.d4 cxd4
4.Nf3xd4 Ng8f6
5.Nb1c3 d6
6.g4 h6
7.Rh1g1 e5
8.Nd4b3 Bc8e6
9.Bc1e3 d5
10.exd5 Nf6xd5
11.Nc3xd5 Qd8xd5
12.Qd1xd5 Be6xd5
13.O-O-O Bd5f3
14.Bf1g2 Bf3xg2
15.Rg1xg2 Nb8c6
16.f4 exf4
17.Be3xf4 Bf8e7
18.Rg2e2 O-O
19.Nb3d4 Be7h4
20.Nd4f5 Bh4f6
21.Rd1d7 Ra8e8
22.Re2xe8 Rf8xe8
23.c3 b6
24.h3 Re8e4
25.Bf4e3 h5
26.Rd7c7 hxg4
27.hxg4 Nc6e7
28.Kd2 Ne7d5
29.Rc7xa7 Re4xg4
30.Kd3 Nd5xe3
31.Nf5xe3 Rg4g3
32.Ke4 g6
33.Ra7a8 Kg7
34.Ra8b8 Bf6g5
35.Ne3c4 f5
36.Kd4 f4
37.Rb8b7 Kg8
38.Rb7xb6 f3
39.Rb6xg6 Kh7
40.Rg6xg5 Rg3xg5
41.Nc4d2 f2
42.Ke3 Rg5d5
43.Nd2f1 Rd5a5
{ draw }
1/2-1/2

[Event "Tourn. n10249"]
[Site "www.echecsemail.com"]
[Date "2019.12.21"]
[Round "1"]
[White "Cal"]
[Black "Vasylpuzanov"]
[WhiteElo "1770"]
[BlackElo "1680"]
[Result "1-0"]
[Round "1"]
1.c4 e5
2.e4 Nb8c6
3.Ng1f3 Bf8c5
4.a3 a5
5.Nb1c3 d6
6.h3 Ng8e7
7.b3 Ne7g6
8.d3 O-O
9.Nc3d5 Nc6d4
10.Bc1d2 Nd4xf3
11.Qd1xf3 f5
12.exf5 Rf8xf5
13.Qf3g3 Bc5xf2
14.Qg3xf2 Rf5xf2
15.Kxf2 Qd8h4
16.g3 Qh4d4
17.Kg2 c6
18.Nd5c3 Bc8f5
19.Bf1e2 Bf5xd3
20.Be2f3 e4
21.Bf3g4  { time }
1-0

[Event "Tourn. n10249"]
[Site "www.echecsemail.com"]
[Date "2019.12.21"]
[Round "1"]
[White "Vasylpuzanov"]
[Black "Jjmcbride"]
[WhiteElo "1680"]
[BlackElo "1780"]
[Result "0-1"]
[Round "1"]
1.e4 e5
2.Ng1f3 Ng8f6
3.Nb1c3 h6
4.Bf1c4 c6
5.Nf3xe5 d5
6.exd5 cxd5
7.Bc4b5 Bc8d7
8.O-O a6
9.Bb5xd7 Nb8xd7
10.d4 Nd7b6
11.Rf1e1 Bf8e7
 { time }
0-1

[Event "Tourn. n10264"]
[Site "www.echecsemail.com"]
[Date "2019.12.21"]
[Round "1"]
[White "Fantomas"]
[Black "Aiko1603"]
[WhiteElo "2140"]
[BlackElo "2090"]
[Result "1-0"]
[Round "1"]
1.e4 c5
2.Ng1f3 Nb8c6
3.d4 cxd4
4.Nf3xd4 g6
5.Bf1c4 Bf8g7
6.c3 e6
7.Bc1e3 Ng8f6
8.f3 O-O
9.Nd4b5 a6
10.Nb5d6 Nf6e8
11.Be3c5 Ne8xd6
12.Bc5xd6 Rf8e8
13.Bc4b3 Bg7f8
14.Bd6xf8 Re8xf8
15.Qd1e2 Qd8h4
16.g3 Qh4f6
17.O-O b5
18.a3 Bc8b7
19.Nb1d2 Nc6a5
20.Bb3a2 d5
21.Ra1d1 Ra8d8
22.Nd2b3 Na5xb3
23.Ba2xb3 dxe4
24.fxe4 Qf6e5
25.Bb3c2 Rd8xd1
26.Rf1xd1 f5
27.Rd1e1 fxe4
28.Bc2xe4 Bb7xe4
29.Qe2xe4 Qe5xe4
30.Re1xe4 Rf8f6
31.h4 Kf7
32.g4 h5
33.gxh5 gxh5
34.Kg2 Rf6g6
35.Kf3 Ke7
36.Re4e5 Rg6f6
37.Ke3 Rf6f5
38.Re5xf5 exf5
39.Kf4 Kf6
40.b3 Ke6
41.c4 bxc4
42.bxc4 { resign }
1-0

[Event "Tourn. n10254"]
[Site "www.echecsemail.com"]
[Date "2019.12.21"]
[Round "1"]
[White "Aders1"]
[Black "Vasylpuzanov"]
[WhiteElo "2059"]
[BlackElo "1830"]
[Result "1-0"]
[Round "1"]
1.Ng1f3 Ng8f6
2.g3 g6
3.Bf1g2 d5
4.O-O Bf8g7
5.d3 O-O
6.Nb1d2 Nb8c6
7.e4 dxe4
8.dxe4 e5
9.c3 Bc8g4
10.Qd1c2  { time }
1-0

[Event "Tourn. n10235"]
[Site "www.echecsemail.com"]
[Date "2019.12.21"]
[Round "1"]
[White "Picifarkinca"]
[Black "Jjmcbride"]
[WhiteElo "1750"]
[BlackElo "1780"]
[Result "1-0"]
[Round "1"]
1.Ng1f3 d5
2.d4 h6
3.c4 e6
4.Nb1c3 Bf8b4
5.e3 Ng8f6
6.cxd5 Nf6xd5
7.Qd1b3 O-O
8.Bc1d2 c6
9.Nc3xd5 Bb4xd2
10.Nf3xd2 exd5
11.Nd2f3 Qd8a5
12.Qb3c3 Qa5c7
13.Bf1d3 Bc8g4
14.Nf3e5 f5
15.Ne5xg4 fxg4
16.O-O Nb8d7
17.e4 Nd7f6
18.e5 Nf6h5
19.Ra1e1 Nh5f4
20.Bd3b1 b6
21.Qc3c2 g6
22.g3 Nf4e6
23.Qc2xg6 Ne6g7
24.Qg6xg4 Qc7e7
25.f4 Kh8
26.Qg4g6 Kg8
27.e6  { time }
1-0

[Event "1/32 Finale"]
[Site "www.chess-mail.com"]
[Date "2019.12.21"]
[Round "1"]
[White "Amaya"]
[Black "D4minance"]
[WhiteElo "2030"]
[BlackElo "2890"]
[Result "0-1"]
[Round "1"]
1.d4 Ng8f6
2.e3 g6
3.Bf1d3 Bf8g7
4.Nb1d2 d5
5.f4 c5
6.c3 Bc8f5
7.Bd3xf5 gxf5
8.Ng1f3 e6
9.O-O cxd4
10.exd4 Nb8c6
11.Nf3e5 Ra8c8
12.Qd1f3 h5
13.Qf3g3 Bg7f8
14.a3 h4
15.Qg3g5 Rh8h5
{ resign }
0-1

[Event "Tourn. n10239"]
[Site "www.echecsemail.com"]
[Date "2019.12.22"]
[Round "1"]
[White "Cal"]
[Black "Vasylpuzanov"]
[WhiteElo "1760"]
[BlackElo "1650"]
[Result "1-0"]
[Round "1"]
1.c4 e5
2.e4 Nb8c6
3.a3 a5
4.h3 Bf8c5
5.Ng1f3 d6
6.d3 Ng8f6
7.Bc1g5 h6
8.Bg5h4 g5
9.Bh4g3 Nf6h5
10.Bg3h2 Nh5f4
11.Nb1c3 O-O
12.Bh2xf4 gxf4
13.Nc3d5 Nc6d4
14.Bf1e2 c6
15.Nd5c3 Qd8b6
16.Ra1b1 Nd4xf3
17.Be2xf3 Bc5xf2
18.Kd2 a4
19.Kc2 Qb6b3
20.Kd2 Bf2e3
21.Ke2 Qb3b6
22.Nc3xa4 Qb6a7
23.b4 Qa7xa4
24.Rb1b3 Qa4a7
25.Bf3h5 Kh7
26.Rh1f1  { time }
1-0

[Event "Tourn. n10235"]
[Site "www.echecsemail.com"]
[Date "2019.12.22"]
[Round "1"]
[White "Chessdna"]
[Black "Picifarkinca"]
[WhiteElo "1700"]
[BlackElo "1750"]
[Result "0-1"]
[Round "1"]
1.e4 c5
2.e5 Nb8c6
3.Ng1f3 e6
4.d4 cxd4
5.c3 a6
6.cxd4 Ng8e7
7.Nb1c3 Ne7g6
8.a3 Bf8e7
9.Bf1d3 b5
10.Bd3xg6 hxg6
11.O-O Bc8b7
12.Rf1e1 Qd8c7
13.d5 exd5
14.Nc3xd5 Qc7d8
15.Bc1f4 O-O
16.Re1e3 Be7c5
17.Re3c3 Bc5e7
18.h4 Ra8c8
19.Nf3g5 f6
20.exf6 gxf6
21.Ng5e4 Nc6e5
22.Ra1c1 Ne5c4
23.Nd5xe7 { time. }
0-1

[Event "Tourn. n10231"]
[Site "www.echecsemail.com"]
[Date "2019.12.22"]
[Round "1"]
[White "Scasan55"]
[Black "Ditto"]
[WhiteElo "1960"]
[BlackElo "1960"]
[Result "1-0"]
[Round "1"]
1.e4 e5
2.Ng1f3 Nb8c6
3.Bf1b5 Bf8c5
4.O-O d6
5.Bb5xc6 bxc6
6.h3 Qd8f6
7.c3 Qf6g6
8.Kh1 Ng8f6
9.d4 exd4
10.cxd4 Bc5b6
11.e5 Nf6d5
12.exd6 cxd6
13.Nb1c3 Nd5f6
14.Bc1f4 d5
15.Nf3e5 Qg6f5
16.Bf4h2 O-O
17.Ne5xc6 Kh8
18.Nc6e5 Bc8b7
19.Nc3b5 Nf6e4
20.f3 Ne4f6
21.Nb5d6 Qf5e6
22.Nd6xb7 Ra8c8
23.Ra1c1 Rc8b8
24.Nb7c5 Bb6xc5
25.dxc5 Rb8c8
26.b4 Rf8d8
27.Rf1e1 Qe6a6
28.Ne5xf7 Kg8
29.Nf7xd8 Rc8xd8
30.Qd1b3 Qa6b5
31.a4 Qb5b7
32.b5 Kf8
33.c6 Qb7b6
34.Qb3b4 Kg8
35.a5 Qb6c7
36.Bh2xc7 Rd8c8
37.b6 axb6
38.axb6 h6
39.b7 { resign }
1-0

[Event "Tourn. n10252"]
[Site "www.echecsemail.com"]
[Date "2019.12.22"]
[Round "1"]
[White "Picifarkinca"]
[Black "Chessdna"]
[WhiteElo "1800"]
[BlackElo "1740"]
[Result "1-0"]
[Round "1"]
1.e4 e5
2.f4 Bf8c5
3.Ng1f3 exf4
4.d4 Bc5b6
5.Bc1xf4 f6
6.Bf1c4 Ng8e7
7.O-O d5
8.Bc4d3 O-O
9.Kh1 Bc8g4
10.c3 Ne7g6
{ time. }
1-0

[Event "Tourn. n10229"]
[Site "www.echecsemail.com"]
[Date "2019.12.22"]
[Round "1"]
[White "Passaroa25"]
[Black "Vasylpuzanov"]
[WhiteElo "1650"]
[BlackElo "1590"]
[Result "1-0"]
[Round "1"]
1.Nb1c3 d5
2.Ng1f3 Ng8f6
3.d4 Nb8c6
4.e3 Bc8g4
5.Bf1e2 e6
6.h3 Bg4xf3
7.Be2xf3 Bf8d6
8.Qd1e2 a6
9.Bc1d2 O-O
10.O-O Bd6e7
11.a3 Rf8e8
12.Nc3a4 e5
13.Na4c5 exd4
14.Nc5xb7 Qd8b8
15.Ra1b1 Qb8xb7
16.b4 Qb7b5
17.c3 d3
18.Qe2e1 Nf6e4
19.Bf3xe4 dxe4
20.Qe1d1 Nc6e5
21.a4 Qb5c6
22.a5 Ne5c4
23.Bd2c1 Qc6d5
24.Qd1b3  { time }
1-0

[Event "Tourn. n10254"]
[Site "www.echecsemail.com"]
[Date "2019.12.22"]
[Round "1"]
[White "Ditto"]
[Black "Vasylpuzanov"]
[WhiteElo "1990"]
[BlackElo "1830"]
[Result "1-0"]
[Round "1"]
1.e4 e5
2.Ng1f3 Nb8c6
3.Bf1c4 Bf8c5
4.d3 d6
5.O-O Ng8f6
6.Bc1g5 h6
7.Bg5d2  { time }
1-0

[Event "1/16 Finale"]
[Site "www.chess-mail.com"]
[Date "2019.12.22"]
[Round "1"]
[White "Corr"]
[Black "Sbb"]
[WhiteElo "2449"]
[BlackElo "2760"]
[Result "1-0"]
[Round "1"]
1.e4 e5
2.Ng1f3 Nb8c6
3.Bf1c4 Bf8c5
4.b4 Bc5xb4
5.c3 Bb4a5
6.d4 b5
7.Bc4xb5 Nc6xd4
8.Nf3xd4 exd4
9.Qd1xd4 Qd8f6
10.O-O Ba5b6
11.Qd4d3 Ng8e7
12.Nb1d2 O-O
13.Nd2f3 h6
14.a4 Ne7g6
15.a5 Bb6c5
16.Qd3d5 Qf6xc3
17.Bc1d2 c6
18.Qd5f5 Qc3f6
19.Qf5xf6 gxf6
20.Rf1c1 Bc5xf2
21.Kxf2 cxb5
22.Rc1c7 Rf8e8
23.Ra1c1 h5
24.Nf3d4 Ng6e5
25.Kg1 Bc8a6
26.Rc1b1 Re8c8
27.Nd4xb5 Kh7
28.Rb1b3 Ra8b8
29.Rc7xc8 Rb8xc8
30.Nb5c3 Kg7
31.Bd2e3 Ba6c4
32.Rb3a3 a6
33.Be3d4 Rc8b8
34.Bd4b6 Bc4d3
35.Ra3a4 Rb8c8
36.Bb6d4 Rc8e8
37.Bd4b6 Ne5c6
38.Bb6c7 Re8c8
39.Bc7b6 Rc8e8
40.Bb6c7 Re8c8
41.Bc7b6 Nc6e7
42.Bb6d4 Kg6
43.Ra4a2 f5
44.exf5 Bd3xf5
45.Ra2e2 Bf5e6
46.Re2d2 Ne7f5
47.Nc3e2 Nf5xd4
48.Rd2xd4 Kf6
49.Ne2f4 Ke5
50.Rd4b4  { time }
1-0

[Event "1/64 Finale"]
[Site "www.chess-mail.com"]
[Date "2019.12.22"]
[Round "1"]
[White "Vasylpuzanov"]
[Black "D4minance"]
[WhiteElo "1730"]
[BlackElo "2880"]
[Result "0-1"]
[Round "1"]
1.f4 d5
2.Ng1f3 g6
3.d4 Bf8g7
4.e3 c5
5.Nb1c3 cxd4
6.exd4 Nb8c6
7.Bc1e3 Qd8a5
8.Bf1e2 Ng8h6
9.Nf3e5 O-O
10.O-O f6
11.Ne5f3 Bc8g4
12.h3 Bg4d7
13.g4 Nh6f7
14.a3 e6
15.Kg2 Ra8c8
16.Be2d3 Rc8e8
17.b4 Qa5d8
 { time }
0-1

[Event "Tourn. n10245"]
[Site "www.echecsemail.com"]
[Date "2019.12.23"]
[Round "1"]
[White "Jackbauer"]
[Black "Vasylpuzanov"]
[WhiteElo "1850"]
[BlackElo "1650"]
[Result "1-0"]
[Round "1"]
1.d4 d5
2.Bc1f4 Ng8f6
3.Nb1c3 e6
4.Nc3b5 Nb8a6
5.Nb5c3 Bf8b4
6.Bf4d2 O-O
7.e3 Bb4d6
8.h3 e5
9.Bf1xa6 bxa6
10.Ng1e2 Rf8e8
11.O-O c5
12.dxc5 Bd6xc5
13.a3 a5
14.Nc3a4 Bc5f8
15.Qd1e1 Qd8c7
16.Na4c3 Bc8b7
17.Ne2g3 Bf8d6
18.f3 Bd6f8
19.Kh1 Bb7a6
20.Rf1f2 Ra8b8
21.Ra1b1 h5
22.Ng3f5  { time }
1-0

[Event "1/64 Finale"]
[Site "www.chess-mail.com"]
[Date "2019.12.23"]
[Round "1"]
[White "Ff333"]
[Black "Vasylpuzanov"]
[WhiteElo "2030"]
[BlackElo "1710"]
[Result "1-0"]
[Round "1"]
1.e4 e5
2.Bf1c4 Nb8c6
3.Qd1f3 Ng8f6
4.c3 Nc6a5
5.Bc4d3 d5
6.exd5 Bc8g4
7.Qf3g3 Qd8xd5
8.Bd3e2 h5
9.h3 h4
10.Qg3h2 Bg4xe2
11.Ng1xe2 Na5c6
12.O-O Qd5d3
13.Rf1e1 O-O-O
14.b3 Bf8c5
15.Nb1a3  { time }
1-0

[Event "Eq:Tigers of Istanbul-Night and bishop : "]
[Site "www.chess-mail.com"]
[Date "2019.12.23"]
[Round "1"]
[White "Orhany24"]
[Black "Picifarkinca"]
[WhiteElo "2160"]
[BlackElo "1610"]
[Result "1/2-1/2"]
[Round "1"]
1.e4 e6
2.d4 d5
3.exd5 exd5
4.Ng1f3 Bf8d6
5.Bf1d3 Nb8c6
6.h3 Ng8e7
7.O-O O-O
8.a3 Rf8e8
9.Bc1g5 f6
10.Bg5h4 Bc8e6
11.Nb1d2 Be6f5
12.Rf1e1 Bf5xd3
13.cxd3 Ne7f5
14.Qd1b3 Re8xe1
15.Ra1xe1 Bd6f4
16.Qb3xb7 Nc6xd4
17.Bh4g3 Nf5xg3
18.fxg3 Bf4xg3
19.Re1b1 Nd4xf3
20.Nd2xf3 a5
21.b4 axb4
22.axb4 Ra8b8
23.Qb7c6 Rb8b6
24.Qc6c5 Bg3f4
25.d4 c6
26.Rb1a1 Bf4d6
27.Qc5a5 Bd6xb4
28.Qa5a8 Qd8xa8
29.Ra1xa8 Kf7
30.Ra8a7 Kg8
31.Nf3h4 g6
32.Nh4f3 Bb4d6
33.Ra7d7 { draw }
1/2-1/2

[Event "Tourn. n10259"]
[Site "www.echecsemail.com"]
[Date "2019.12.24"]
[Round "1"]
[White "Fereike"]
[Black "Picifarkinca"]
[WhiteElo "1650"]
[BlackElo "1870"]
[Result "1-0"]
[Round "1"]
1.e3 Ng8f6
2.d4 d5
3.c3 e6
4.Bf1d3 c5
5.dxc5 Bf8xc5
6.Ng1f3 Nb8c6
7.O-O O-O
8.Nb1d2 e5
9.Bd3e2 Rf8e8
10.Nd2b3 Bc5f8
11.c4 { resign }
1-0

[Event "Match"]
[Site "www.echecsemail.com"]
[Date "2019.12.24"]
[Round "1"]
[White "Bjonil60"]
[Black "Joskomol"]
[WhiteElo "1400"]
[BlackElo "2020"]
[Result "1-0"]
[Round "1"]
1.Ng1h3 d5
2.Nh3f4 e5
3.Nf4h3 Ng8f6
4.e3 Nb8c6
5.Qd1e2 Bf8d6
6.d3 O-O
7.Nb1c3 d4
8.Nc3d1 Bd6b4
9.c3  { time }
1-0

[Event "Match"]
[Site "www.echecsemail.com"]
[Date "2019.12.24"]
[Round "1"]
[White "Foxy100"]
[Black "Apdash"]
[WhiteElo "2470"]
[BlackElo "2280"]
[Result "1-0"]
[Round "1"]
1.e4 c5
2.Ng1f3 d6
3.d4 cxd4
4.Nf3xd4 Nb8c6
5.Nb1c3 e6
6.Bc1e3 Bf8e7
7.Bf1e2 Ng8f6
8.O-O O-O
9.f4 Nf6e8
10.a3 Bc8d7
11.Qd1e1 e5
12.Nd4xc6 bxc6
13.fxe5 dxe5
14.Qe1g3 Be7f6
15.Ra1d1 Qd8c7
16.Be3c5 Ra8b8
17.b4 Bd7e6
18.Bc5xf8 Kxf8
19.Nc3a4 a5
20.Na4c5 Qc7e7
21.Nc5xe6 Qe7xe6
22.bxa5 Ne8d6
23.Qg3d3 Nd6b5
24.c3 Nb5xa3
25.a6 Na3b5
26.Qd3e3 Bf6e7
27.Be2xb5 Rb8xb5
28.a7 Qe6c8
29.Rd1a1 Qc8a8
30.Rf1b1 Be7c5
31.Qe3xc5 Rb5xc5
32.Rb1b8 Qa8xb8
33.axb8Q { resign }
1-0

[Event "Tourn. n10253"]
[Site "www.echecsemail.com"]
[Date "2019.12.24"]
[Round "1"]
[White "Apdash"]
[Black "Sorim"]
[WhiteElo "2240"]
[BlackElo "2330"]
[Result "0-1"]
[Round "1"]
1.e4 c5
2.Ng1f3 Nb8c6
3.d4 cxd4
4.Nf3xd4 d6
5.Bf1b5 Bc8d7
6.Nd4xc6 bxc6
7.Bb5c4 Ng8f6
8.Qd1e2 g6
9.O-O Bf8g7
10.Kh1 O-O
11.Bc1g5 d5
12.exd5 cxd5
13.Bc4b3 Bd7c6
14.Rf1d1 Qd8c7
15.Nb1c3 e6
16.Nc3b5 Qc7b7
17.Nb5d4 Nf6e4
18.Nd4xc6 Ne4xg5
19.Nc6e5 a5
20.a4 Ng5e4
21.Ne5d3 Bg7d4
22.f3 Ne4d6
23.Ra1b1 Bd4g7
24.Nd3c5 Qb7c7
25.Nc5xe6 fxe6
26.Qe2xe6 Kh8
27.Rd1xd5 Nd6f5
28.Rb1d1 Ra8e8
29.Qe6d7 Qc7f4
30.Rd5d3 Bg7e5
31.g3 Qf4h6
32.f4 Be5xf4
33.gxf4 Re8e2
34.h3 Qh6xf4
{ resign }
0-1

[Event "Tourn. n10257"]
[Site "www.echecsemail.com"]
[Date "2019.12.24"]
[Round "1"]
[White "Fereike"]
[Black "Picifarkinca"]
[WhiteElo "1650"]
[BlackElo "1850"]
[Result "1-0"]
[Round "1"]
1.d4 Ng8f6
2.e3 e6
3.Ng1f3 b6
4.c4 Bc8b7
5.Nb1c3 Bf8e7
6.Bf1e2 O-O
7.O-O d6
8.b3 Nb8d7
9.Bc1b2 Nf6e4
10.Nc3xe4 Bb7xe4
11.Be2d3 Nd7f6
12.d5 exd5
13.Bd3xe4 { resign }
1-0

[Event "Tourn. n10261"]
[Site "www.echecsemail.com"]
[Date "2019.12.24"]
[Round "1"]
[White "Apdash"]
[Black "Seger"]
[WhiteElo "2280"]
[BlackElo "2790"]
[Result "0-1"]
[Round "1"]
1.e4 c5
2.Ng1f3 e6
3.d4 cxd4
4.Nf3xd4 a6
5.a4 Nb8c6
6.Bc1e3 Ng8f6
7.Nd4xc6 bxc6
8.f3 d5
9.Bf1d3 Qd8c7
10.Nb1d2 Bf8d6
11.Nd2f1 c5
12.exd5 exd5
13.Qd1d2 O-O
14.Kf2 d4
15.Be3g5 c4
16.Bg5xf6 Bd6f4
17.Qd2e2 cxd3
18.Qe2xd3 gxf6
19.c4 dxc3
20.bxc3 Rf8d8
21.Qd3c2 Qc7c5
22.Ke1 Bc8f5
23.Qc2b2 Rd8e8
24.Kd1 Ra8d8
25.Nf1d2 Qc5f2
26.Ra1a2 Qf2e2
{ resign }
0-1

[Event "Fast Game"]
[Site "www.echecsemail.com"]
[Date "2019.12.24"]
[Round "1"]
[White "Apdash"]
[Black "Stevep84"]
[WhiteElo "1970"]
[BlackElo "1860"]
[Result "0-1"]
[Round "1"]
1.e4 c6
2.d4 d5
3.exd5 cxd5
4.Ng1f3 Nb8c6
5.Bf1b5 a6
6.Bb5a4 b5
7.Ba4b3 Bc8g4
8.c3 e6
9.O-O Bf8d6
10.Qd1d3 Bg4f5
11.Qd3e2 Ng8e7
12.Bc1g5 Qd8c7
13.Nb1d2 O-O
14.a4 b4
15.h3 h6
16.Bg5xe7 Bd6xe7
17.c4 dxc4
18.Nd2xc4 Be7f6
19.Ra1d1 Rf8d8
20.g4 Bf5h7
21.Qe2e3 Nc6a5
22.Nc4xa5 Qc7xa5
23.Rd1c1 Ra8c8
24.Rc1xc8 Rd8xc8
25.Bb3xe6 Rc8e8
26.Be6xf7 Kxf7
27.Qe3b3 Kf8
28.Rf1c1 Bh7g8
29.Qb3d1 Bg8d5
30.Rc1c5 Bd5xf3
31.Qd1xf3 Qa5d8
32.d5 Re8e5
33.Kg2 Kg8
34.b3 Qd8d6
35.Rc5c8 Kh7
36.Qf3d3 g6
37.Rc8c6 Qd6d8
38.Qd3xa6 Qd8xd5
39.Kh2 Re5e1
40.Rc6xf6 Re1h1
41.Kg3 Rh1g1
42.Kf4 g5
43.Ke3 Rg1e1
{ resign }
0-1

[Event "Tourn. n10242"]
[Site "www.echecsemail.com"]
[Date "2019.12.25"]
[Round "1"]
[White "Vasylpuzanov"]
[Black "Gambittiger"]
[WhiteElo "1710"]
[BlackElo "1499"]
[Result "0-1"]
[Round "1"]
1.e4 c6
2.d4 d5
3.exd5 cxd5
4.Ng1f3 a6
5.Bf1d3 Bc8g4
6.c3 Bg4xf3
7.Qd1xf3 e6
8.O-O Ng8f6
9.Qf3e2 Bf8d6
10.Nb1d2 O-O
11.Nd2f3 Qd8c7
12.Nf3e5 Nb8c6
13.f4 Rf8e8
14.Bc1d2 g6
15.Bd2e1 Nf6h5
16.g4 Nh5g7
17.Be1h4 Bd6e7
18.Bh4xe7 Nc6xe7
 { time }
0-1

[Event "Match"]
[Site "www.echecsemail.com"]
[Date "2019.12.25"]
[Round "1"]
[White "Joseph1983"]
[Black "Szustan"]
[WhiteElo "2220"]
[BlackElo "2640"]
[Result "0-1"]
[Round "1"]
1.Ng1f3 Nb8c6
2.d4 d5
3.c4 e6
4.Nb1c3 Ng8f6
5.Bc1g5 Bf8e7
6.e3 O-O
7.Ra1c1 h6
8.Bg5h4 Nf6e4
9.Bh4xe7 Nc6xe7
10.Nf3e5 Ne4xc3
11.Rc1xc3 b6
12.cxd5 Ne7xd5
13.Rc3c1 Bc8b7
14.Bf1c4 Qd8g5
15.Ne5f3 Qg5xg2
16.Rh1g1 Nd5xe3
17.Qd1b3 Qg2xf3
18.fxe3 Qf3e4
19.Ke2 c5
20.Rg1g3 Qe4h4
21.Rc1g1 Qh4xh2
22.Ke1 g5
23.Bc4xe6 fxe6
24.Qb3xe6 Rf8f7
25.Rg3xg5 hxg5
26.Rg1xg5 Kf8
{ resign }
0-1

[Event "Tourn. n10260"]
[Site "www.echecsemail.com"]
[Date "2019.12.25"]
[Round "1"]
[White "Panham"]
[Black "Fantomas"]
[WhiteElo "2150"]
[BlackElo "2080"]
[Result "0-1"]
[Round "1"]
1.d4 d5
2.c4 e6
3.Nb1c3 Ng8f6
4.cxd5 exd5
5.Bc1g5 Bf8e7
6.Qd1c2 c6
7.e3 O-O
8.Bf1d3 h6
9.Bg5h4 Rf8e8
10.Ng1e2 Nf6g4
11.Bh4g3 Be7d6
12.Ne2f4 Qd8f6
13.O-O Qf6e7
 { time }
0-1

[Event "Tourn. n10238"]
[Site "www.echecsemail.com"]
[Date "2019.12.25"]
[Round "1"]
[White "Jaroslavpech"]
[Black "Asoka"]
[WhiteElo "2800"]
[BlackElo "2680"]
[Result "1/2-1/2"]
[Round "1"]
1.e4 e5
2.Ng1f3 Nb8c6
3.Bf1b5 a6
4.Bb5a4 Ng8f6
5.O-O b5
6.Ba4b3 Bf8e7
7.Rf1e1 d6
8.c3 O-O
9.h3 Nc6a5
10.Bb3c2 c5
11.d4 Qd8c7
12.Nb1d2 Bc8e6
13.Nd2f1 Na5c4
14.b3 Nc4b6
15.Bc1b2 Rf8d8
16.Nf1e3 c4
17.Nf3g5 Be6d7
18.Bb2a3 Be7f8
19.Ng5f3 Bd7e6
20.Ra1c1 cxb3
21.axb3 Qc7xc3
22.d5 Be6c8
23.Bc2d3 Qc3a5
{ draw }
1/2-1/2

[Event "Match"]
[Site "www.echecsemail.com"]
[Date "2019.12.25"]
[Round "1"]
[White "Gilliere"]
[Black "Estonia"]
[WhiteElo "2050"]
[BlackElo "1880"]
[Result "1/2-1/2"]
[Round "1"]
1.e4 e5
2.Ng1f3 Nb8c6
3.Bf1b5 d6
4.O-O a6
5.Bb5xc6 bxc6
6.d4 Bc8g4
7.dxe5 Bg4xf3
8.Qd1xf3 Ra8b8
9.Rf1d1 Qd8h4
10.exd6 cxd6
11.b3 Ng8f6
12.Nb1d2 Bf8e7
13.Bc1b2 O-O
14.g3 Qh4h3
15.Qf3g2 Qh3xg2
16.Kxg2 Nf6d7
17.c4 c5
18.f3 f5
19.exf5 Rf8xf5
20.Nd2f1 Rb8f8
21.f4 h5
22.h4 Nd7f6
23.Bb2xf6 Be7xf6
24.Ra1b1 Bf6d4
25.Nf1d2 d5
26.cxd5 Rf5xd5
27.Nd2f3 Rf8d8
28.Rd1d3 Bd4f6
29.Rd3xd5 Rd8xd5
30.Rb1c1 a5
31.Rc1c2 Kf7
32.Rc2d2 Bf6d4
33.Nf3xd4 cxd4
34.Kf3 g6
35.Ke4 Ke6
36.Rd2xd4 Rd5b5
37.Rd4c4 Kd6
38.Rc4d4 Ke6
39.Rd4d8 Rb5b4
40.Kf3 a4
41.bxa4 Rb4xa4
42.Rd8d2 Ra4a3
43.Kf2 Ra3c3
44.Rd2e2 Kf6
45.Kg2 Rc3a3
46.Kh3 Ra3d3
47.Re2b2 Rd3a3
48.Rb2b6 Kf5
49.Rb6b5 Kf6
50.Rb5b2 Ke6
51.Rb2b3 Ra3a6
52.a3 Kf6
53.g4 hxg4
54.Kxg4 Ra6a5
55.Rb3b6 Kf7
56.Rb6b3 Kf6
57.a4 Ra5xa4
58.Rb3b5 Ra4a6
59.Rb5g5 Ra6a1
60.Kf3 Ra1f1
61.Ke3 Rf1h1
62.Rg5g4 Rh1e1
63.Kf2 Re1e8
64.Kf3 { draw }
1/2-1/2

[Event "Match"]
[Site "www.echecsemail.com"]
[Date "2019.12.25"]
[Round "1"]
[White "Bjonil60"]
[Black "Gambittiger"]
[WhiteElo "1390"]
[BlackElo "1499"]
[Result "0-1"]
[Round "1"]
1.Ng1h3 Ng8f6
2.e3 d5
3.d4 c6
4.Qd1e2 Bc8f5
5.f3 Bf5xh3
6.gxh3 e6
7.Nb1c3 Nb8d7
8.f4 a5
9.a3 a4
10.Bf1g2 Qd8b6
11.b3 axb3
12.Ra1b1 Bf8xa3
13.Rb1a1 b2
14.Bc1xb2 Qb6xb2
15.Kd2 Qb2b4
16.Rh1b1 Qb4d6
17.Rb1b3 O-O
18.Rb3xb7 Rf8b8
19.Rb7xb8 Ra8xb8
20.Nc3b1 Qd6b4
21.Kd3 Ba3b2
22.c3 Qb4c4
23.Kd2 Qc4xe2
24.Kxe2 Bb2xa1
25.Nb1d2 Ba1xc3
26.Nd2f1 Rb8b2
27.Kd3 Bc3e1
28.h4 Rb2xg2
29.h3 Nf6e4
30.h5 c5
31.h4 c4

0-1

[Event "1/128 Finale"]
[Site "www.chess-mail.com"]
[Date "2019.12.25"]
[Round "1"]
[White "Mb20"]
[Black "Suzypop"]
[WhiteElo "1809"]
[BlackElo "1809"]
[Result "1-0"]
[Round "1"]
1.d4 Ng8f6
2.c4 d5
3.cxd5 Nf6xd5
4.Ng1f3 Nb8c6
5.e4 Nd5f6
6.Bf1d3 Nc6xd4
7.Nf3xd4 Qd8xd4
8.Bd3b5 { resign }
1-0

[Event "Tourn. n10246"]
[Site "www.echecsemail.com"]
[Date "2019.12.26"]
[Round "1"]
[White "Fantomas"]
[Black "Libiesse"]
[WhiteElo "2220"]
[BlackElo "2010"]
[Result "1/2-1/2"]
[Round "1"]
1.e4 c5
2.Ng1f3 e6
3.d4 cxd4
4.Nf3xd4 a6
5.Bf1c4 Qd8c7
6.Bc4d3 Nb8c6
7.Nd4f3 Ng8f6
8.Nb1c3 b5
9.O-O b4
10.Nc3e2 d5
11.Ne2g3 Bf8e7
12.Rf1e1 O-O
13.Re1e2 Bc8b7
14.Qd1e1 a5
15.Bc1d2 dxe4
16.Ng3xe4 Rf8d8
17.h3 Ra8c8
18.Ra1c1 Nc6e5
19.Nf3xe5 Qc7xe5
20.Ne4xf6 Qe5xf6
21.Re2e5 Rd8d5
22.Re5e4 Qf6xb2
23.Re4xe6 Be7f8
24.Re6b6 Rd5e5
25.Bd2e3 Bb7d5
26.Rb6b5 Bd5xa2
27.Rb5xe5 Qb2xe5
28.Qe1d2 b3
29.cxb3 Rc8xc1
30.Qd2xc1 Qe5b8
31.Qc1c2 Ba2xb3
32.Qc2b1 a4
33.Bd3xh7 Kh8
34.Bh7c2 Qb8b5
35.Be3d4 Qb5c4
36.Bc2xb3 Qc4xb3
37.Qb1a1 Kg8
38.g3 Kh7
39.h4 Kg6
40.Kg2 f6
41.Kh3 Qb3e6
42.g4 Qe6b3
43.Kg2 Qb3d5
44.f3 Qd5b3
45.Qa1e1 Qb3c2
46.Kh3 Kf7
47.h5 Qc2d3
48.Qe1f2 Bf8d6
49.Kg2 a3
50.Qf2a2 Ke7
51.Bd4f2 Bd6e5
{ draw }
1/2-1/2

[Event "Tourn. n10242"]
[Site "www.echecsemail.com"]
[Date "2019.12.26"]
[Round "1"]
[White "Yakke"]
[Black "Vasylpuzanov"]
[WhiteElo "1690"]
[BlackElo "1730"]
[Result "1-0"]
[Round "1"]
1.e4 e5
2.Ng1f3 Nb8c6
3.c3 Bf8c5
4.d4 exd4
5.cxd4 Bc5b4
6.Bc1d2 Bb4xd2
7.Nb1xd2 d5
8.e5 Ng8e7
9.Bf1b5 a6
10.Bb5xc6 Ne7xc6
11.O-O O-O
12.h3  { time }
1-0

[Event "Tourn. n10273"]
[Site "www.echecsemail.com"]
[Date "2019.12.26"]
[Round "1"]
[White "D4minance"]
[Black "Aders1"]
[WhiteElo "2890"]
[BlackElo "2249"]
[Result "1-0"]
[Round "1"]
1.e4 g6
2.d4 Bf8g7
3.Nb1c3 c6
4.f4 d5
5.e5 h5
6.h3 Ng8h6
7.Bc1e3 Qd8b6
8.Ra1b1 Bc8f5
9.Ng1f3 Nb8d7
10.Be3f2 a5
11.Nf3h4 Qb6c7
12.Rh1g1 Nd7b6
13.g4 hxg4
14.hxg4 Bf5d7
15.f5 gxf5
16.gxf5 Bg7xe5
17.dxe5 Qc7xe5
18.Nc3e2 Nb6c4
19.Qd1d4 Nh6xf5
20.Nh4xf5 Bd7xf5
21.b3 Qe5xd4
22.Bf2xd4 O-O-O
23.bxc4 Rh8h4
24.Bd4b6 Rd8h8
25.cxd5 Bf5xc2
26.Rb1c1 Bc2e4
27.dxc6 bxc6
28.Rg1g7 Rh8h7
29.Rg7g8 Kb7
30.Bb6xa5 Rh7h8
31.Rg8d8 { resign }
1-0